00531nam a2200205Ia 4500008004100000040001400041082002100055100001100076245001800087260003400105300001100139365002600150366000800176505002200184530003000206620004000236630001800276650001300294730001800307100315s9999 xx 000 0 und d cENGLISH  b10955 a382.6  aNabhi  aHow to Import aNew Delhi bNabhi  c2002  a112   eRupees d1 b0.00  f0  gVaibhav Gaikwad  bDonated By RBI Library   a"How to Import, Import, RBI Book " aHow to Import aImport  aHow to Import